000 00460nam a2200193Ia 4500
003 OSt
005 20250813103317.0
008 250729s2005 xx 000 0 und d
020 _a978-8126108282
040 _cAL
041 _aeng
082 _a374.1 VENN
100 _aVenkataiah S
_9221217
245 _aTeaching communication
260 _aNew Delhi
_bAnnual Publication
_c2005
300 _a281p
650 _aEducation
_9221218
942 _2ddc
_cBED
999 _c234909
_d234909